Vyavshayik hindi (Record no. 7057)

MARC details
000 -LEADER
fixed length control field 00449cam a2200193ua 4500
008 - FIXED-LENGTH DATA ELEMENTS--GENERAL INFORMATION
fixed length control field 150110n ii |||gr||||Z||||||hin
040 ## - CATALOGING SOURCE
Transcribing agency MAIN
041 ## - LANGUAGE CODE
-- hin
082 ## - DEWEY DECIMAL CLASSIFICATION NUMBER
Classification number 651.7
100 ## - MAIN ENTRY--PERSONAL NAME
Personal name Aarchya, M.,
Relator term
245 ## - TITLE STATEMENT
Title Vyavshayik hindi
Statement of responsibility, etc. By Modilal Aarchya
250 ## - EDITION STATEMENT
Edition statement 1st.
260 ## - PUBLICATION, DISTRIBUTION, ETC.
Place of publication, distribution, etc. Baranasi:
Name of publisher, distributor, etc. Hindi,
Date of publication, distribution, etc. 1971.
300 ## - PHYSICAL DESCRIPTION
Extent 352p.
942 ## - ADDED ENTRY ELEMENTS (KOHA)
Koha item type Books
653 ## - INDEX TERM--UNCONTROLLED
Uncontrolled term Office services
653 ## - INDEX TERM--UNCONTROLLED
Uncontrolled term Business communication
Holdings
Withdrawn status Lost status Damaged status Not for loan Home library Current library Shelving location Date acquired Total Checkouts Full call number Barcode Date last seen Copy number Price effective from Koha item type
        Central Library, Naharkatiya College Central Library, Naharkatiya College General Stacks 19/09/2020   651.7 | AAR 18822 19/09/2020 1 19/09/2020 Books
        Central Library, Naharkatiya College Central Library, Naharkatiya College General Stacks 19/09/2020   651.7 | AAR 6661 19/09/2020 5 19/09/2020 Books
        Central Library, Naharkatiya College Central Library, Naharkatiya College General Stacks 19/09/2020   651.7 | AAR 6663 19/09/2020 2 19/09/2020 Books
        Central Library, Naharkatiya College Central Library, Naharkatiya College General Stacks 19/09/2020   651.7 | AAR 6664 19/09/2020 3 19/09/2020 Books
        Central Library, Naharkatiya College Central Library, Naharkatiya College General Stacks 19/09/2020   651.7 | AAR 6665 19/09/2020 6 19/09/2020 Books
        Central Library, Naharkatiya College Central Library, Naharkatiya College General Stacks 19/09/2020   651.7 | AAR 6666 19/09/2020 4 19/09/2020 Books

Naharkatiya College © 2020. All rights reserved.

Powered By